Terminaisons - 3ème déclinaison latin - Statistiques

Statistiques générales
  • Ce quiz a été pris 121 fois
  • Le résultat moyen est 33 sur 46
Statistiques - réponses
Genre Syllabes Mode Nombre Terminaison % Correct
Masculin - Féminin Parisyllabiques Ablatif Singulier e
92%
Masculin - Féminin Parisyllabiques Datif Singulier i
92%
Masculin - Féminin Parisyllabiques Accusatif Singulier em
88%
Masculin - Féminin Parisyllabiques Nominatif Pluriel es
88%
Masculin - Féminin Parisyllabiques Vocatif Pluriel es
88%
Masculin - Féminin Parisyllabiques Accusatif Pluriel es
88%
Masculin - Féminin Parisyllabiques Nominatif Singulier is
88%
Masculin - Féminin Parisyllabiques Génitif Singulier is
88%
Masculin - Féminin Parisyllabiques Vocatif Singulier is
83%
Masculin - Féminin Parisyllabiques Génitif Pluriel ium
79%
Neutre Parisyllabiques Nominatif Singulier e
75%
Neutre Parisyllabiques Vocatif Singulier e
75%
Neutre Parisyllabiques Accusatif Singulier e
75%
Neutre Parisyllabiques Datif Singulier i
75%
Neutre Parisyllabiques Ablatif Singulier i
75%
Masculin - Féminin Parisyllabiques Datif Pluriel ibus
75%
Masculin - Féminin Parisyllabiques Ablatif Pluriel ibus
75%
Neutre Parisyllabiques Génitif Singulier is
75%
Masculin - Féminin Imparisyllabiques Nominatif Pluriel es
71%
Masculin - Féminin Imparisyllabiques Vocatif Pluriel es
71%
Masculin - Féminin Imparisyllabiques Accusatif Pluriel es
71%
Masculin - Féminin Imparisyllabiques Ablatif Singulier e
67%
Masculin - Féminin Imparisyllabiques Accusatif Singulier em
67%
Masculin - Féminin Imparisyllabiques Datif Singulier i
67%
Neutre Parisyllabiques Datif Pluriel ibus
67%
Neutre Parisyllabiques Ablatif Pluriel ibus
67%
Masculin - Féminin Imparisyllabiques Datif Pluriel ibus
67%
Masculin - Féminin Imparisyllabiques Ablatif Pluriel ibus
67%
Masculin - Féminin Imparisyllabiques Génitif Singulier is
67%
Neutre Parisyllabiques Génitif Pluriel ium
67%
Neutre Imparisyllabiques Nominatif Pluriel a
63%
Neutre Imparisyllabiques Vocatif Pluriel a
63%
Neutre Imparisyllabiques Accusatif Pluriel a
63%
Neutre Imparisyllabiques Ablatif Singulier e
63%
Neutre Imparisyllabiques Datif Singulier i
63%
Neutre Parisyllabiques Nominatif Pluriel ia
63%
Neutre Parisyllabiques Vocatif Pluriel ia
63%
Neutre Parisyllabiques Accusatif Pluriel ia
63%
Neutre Imparisyllabiques Datif Pluriel ibus
63%
Neutre Imparisyllabiques Ablatif Pluriel ibus
63%
Neutre Imparisyllabiques Génitif Singulier is
63%
Masculin - Féminin Imparisyllabiques Génitif Pluriel um
63%
Neutre Imparisyllabiques Génitif Pluriel um
63%
Neutre Imparisyllabiques Nominatif Singulier us
54%
Neutre Imparisyllabiques Vocatif Singulier us
54%
Neutre Imparisyllabiques Accusatif Singulier us
54%
Aucun quiz correspondant
Distribution des résultats
% des personnes avec chaque résultat
Percentile par nombre de réponses
Votre historique - résultats
Vous n’avez pas pris ce quiz